00587 2200193 4500001002100000008004100021035002000062245009400082100001700176260004700193300003200240020002200272084001600294520003000310082001000340650002100350990001100371990001100382INLIS000000000014992 ind  a0010-1222000071 aKiat Membangun Bank Sampah dan Cara PengelolaannyacSri Lestari;penyunting, Teguh Sutanto aSRI, Lestari aYogyakarta :bHijaz Pustaka Mandiri,c2022 avi, 115 hlm.: ilus.c20 cm. a978-602-5790-56-0 a650.1 SRI k aBibliografi.: 114-115 hlm a650.1 aMANAJEMEN.BISNIS a9989 a a9989 b